Famous Foods from Different Countries - Statistics

General Stats
  • This quiz has been taken 159 times
  • The average score is 7 of 15
Answer Stats
?Your hints? Your Answers! % Correct
Spaghetti Italy
99%
Baguette France
98%
Smore USA
80%
KushiYaki Japan
77%
French Fries Belgium
66%
Tourtiere Canada
55%
Lamington Australia
50%
Quindim Brazil
50%
Flaki Poland
40%
Mandu South Korea
40%
Pastel de Chocolo Chile
25%
Beshbarmak Kazakhstan
20%
Pof-Pof Nigeria
20%
Cachapa Venezuela
20%
Chebugen Senegal
7%
No matching quizzes found
Score Distribution
Percent of People with Each Score
Percentile by Number Answered
Your Score History
You have not taken this quiz